Cameroon players in Premier League (2000-) - Statistics

General Stats
  • This quiz has been taken 49 times
  • The average score is 13 of 35
Answer Stats
Ranking Player Positions Nationality Matches Goals (assists) Periods Clubs % Correct
1 Alexandre Song DF, MF 190 7 (18) 2005-2011, 2014-2016
92%
22 Rigobert Song DF 26 0 (0) 2000-2002
92%
5 Joël Matip DF, MF 150 9 (5) 2016-2024
87%
10 André Onana GK 72 0 (0) 2023-2025
85%
17 Samuel Eto'o FW 35 12 (3) 2013-2015
85%
7 Bryan Mbeumo FW 136 42 (28) 2021-2025
82%
4 Benoît Assou-Ekotto DF 155 4 (8) 2006-2013
74%
12 Carlos Baleba MF 61 3 (1) 2023-2025
72%
2 Lauren DF 184 7 (8) 2000-2008
69%
14 Andre-Frank Zambo Anguissa MF 58 0 (3) 2018-2019, 2020-2021
59%
19 Eric Maxim Choupo-Moting MF, FW 30 5 (5) 2017-2018
59%
3 Sébastien Bassong DF 177 6 (2) 2008-2013, 2015-2016
51%
6 Geremi DF, MF 147 13 (23) 2002-2009
46%
20 Eric Djemba-Djemba MF 30 0 (1) 2003-2007
41%
24 Georges-Kévin N'Koudou MF, FW 19 0 (1) 2016-2020
41%
30 Clinton N'Jie MF, FW 8 0 (1) 2015-2016
33%
9 Allan Nyom DF, MF 93 0 (3) 2015-2018
31%
15 Gaëtan Bong DF 51 0 (0) 2017-2020
28%
18 Marc-Vivien Foé MF 35 9 (0) 2002-2003
26%
35 Nicolas Nkoulou DF 3 0 (0) 2021-2022
26%
11 André Bikey DF, MF 65 4 (0) 2006-2007, 2009-2010
15%
13 George Elokobi DF 58 2 (2) 2009-2012
15%
8 Joseph-Désiré Job MF, FW 93 17 (9) 2000-2006
15%
21 Stéphane Mbia DF, MF 29 0 (3) 2012-2013
15%
31 Jean Makoun MF 7 0 (0) 2010-2011
13%
28 Patrick M'Boma FW 9 1 (0) 2001-2002
13%
26 Pierre Womé DF 14 1 (1) 2002-2003
10%
23 Salomon Olembé MF 20 0 (0) 2003-2004, 2007-2008
10%
34 Franck Songo'o MF, FW 3 0 (0) 2005-2006, 2007-2008
8%
33 Lucien Mettomo DF 4 0 (0) 2002-2003
8%
29 Eyong Enoh MF 9 0 (0) 2012-2013
5%
32 Roudolphe Douala MF, FW 7 0 (0) 2006-2007
5%
16 Somen Tchoyi MF 41 7 (1) 2010-2012
5%
25 Timothée Atouba DF 18 1 (0) 2004-2005
5%
27 Valéry Mézague MF 11 0 (0) 2004-2005
5%
No matching quizzes found
Score Distribution
Percent of People with Each Score
Percentile by Number Answered
Your Score History
You have not taken this quiz